Biografía de Don Ventura Rodríguez Tizón como arquitecto y restaurador del arte clásico en España en el siglo XVIII / (Record no. 162742)

MARC details
000 -LEADER
campo de control de longitud fija 01676nam a22003255i 4500
001 - NÚMERO DE CONTROL
campo de control 162742
003 - IDENTIFICADOR DE NÚMERO DE CONTROL
campo de control ES-MaACL
005 - FECHA Y HORA DE LA ÚLTIMA TRANSACCIÓN
campo de control 20230906212608.0
008 - DATOS DE LONGITUD FIJA--INFORMACIÓN GENERAL
campo de control de longitud fija 960708s1898 sp a |||| | spa d
100 1# - ENTRADA PRINCIPAL--NOMBRE DE PERSONA
Nombre de persona Pulido López, Luis.
9 (RLIN) 94374
245 10 - MENCIÓN DEL TÍTULO
Título Biografía de Don Ventura Rodríguez Tizón como arquitecto y restaurador del arte clásico en España en el siglo XVIII /
Mención de responsabilidad, etc. por D. Luis Pulido López y D. Timoteo Díaz Galdós.
260 ## - PUBLICACIÓN, DISTRIBUCIÓN, ETC.
Lugar de publicación, distribución, etc. Madrid :
Nombre del editor, distribuidor, etc. [s.n.],
Fecha de publicación, distribución, etc. 1898 (
Fabricante Imp. del Asilo de Huérfanos del Sagrado Corazón de Jesús)
300 ## - DESCRIPCIÓN FÍSICA
Extensión 138 p., [10] h. de lám. ;
Dimensiones 32 cm.
490 1# - MENCIÓN DE SERIE
Mención de serie Biblioteca del Resumen de arquitectura
505 8# - NOTA DE CONTENIDO CON FORMATO
Nota de contenido con formato Contiene: Reseña histórica de la arquitectura española desde Carlos V a la época de Don Ventura Rodríguez
530 ## - NOTA DISPONIBLE DE FORMULARIO FÍSICO ADICIONAL
Nota de formato físico adicional disponible Disponible en formato digital.
597 ## - NOTA DE DESCRIPCIÓN FÍSICA
NOTA DE DESCRIPCIÓN FÍSICA Antep.
597 ## - NOTA DE DESCRIPCIÓN FÍSICA
NOTA DE DESCRIPCIÓN FÍSICA Port. a varias tintas.
599 ## - NOTA A LAS ILUSTRACIONES
NOTA A LAS ILUSTRACIONES Lám.: retr. de Ventura Rodríguez, fototipias de Hauser y Menet.
600 14 - PUNTO DE ACCESO ADICIONAL DE MATERIA--NOMBRE DE PERSONA
Nombre de persona Rodríguez, Ventura,
Fechas asociadas al nombre 1717-1785
9 (RLIN) 98307
650 #4 - PUNTO DE ACCESO ADICIONAL DE MATERIA--TÉRMINO DE MATERIA
Término de materia o nombre geográfico como elemento de entrada Arquitectura renacentista-
Subdivisión geográfica España.
9 (RLIN) 10052
650 #4 - PUNTO DE ACCESO ADICIONAL DE MATERIA--TÉRMINO DE MATERIA
Término de materia o nombre geográfico como elemento de entrada Arquitectura barroca-
Subdivisión geográfica España.
9 (RLIN) 151117
700 1# - ENTRADA AGREGADA--NOMBRE PERSONAL
Nombre de persona Díaz Galdós, Timoteo.
9 (RLIN) 44281
710 2# - ENTRADA AGREGADA--NOMBRE DE ENTIDAD CORPORATIVA
Nombre de entidad corporativa o nombre de jurisdicción como elemento de entrada Hauser y Menet (Madrid)
9 (RLIN) 4558
740 02 - ENTRADA AGREGADA--TÍTULO RELACIONADO/ANALÍTICO NO CONTROLADO
Título relacionado o analítico no controlado Reseña histórica de la arquitectura española desde Carlos V a la época de Don Ventura Rodríguez.
830 1# - PUNTO DE ACCESO ADICIONAL DE SERIE-TÍTULO UNIFORME
Título uniforme Biblioteca del Resumen de arquitectura
9 (RLIN) 188429
852 ## - LOCALIZACIÓN
Ubicación ES-MaACL
Número de control de estantería B-11450
Nota libre - Enc. tela gris con hierros dorados
856 ## - LOCALIZACIÓN Y ACCESO ELECTRÓNICOS
Identificador Uniforme de Recursos <a href="https://bibliotecavirtualmadrid.comunidad.madrid/bvmadrid_publicacion/es/consulta/registro.do?id=169">https://bibliotecavirtualmadrid.comunidad.madrid/bvmadrid_publicacion/es/consulta/registro.do?id=169</a>
Nota pública Biblioteca Digital de la Comunidad de Madrid
Holdings
Estatus retirado Estado de pérdida Estado de daño No para préstamo Colección Biblioteca de origen Biblioteca actual Ubicación en estantería Fecha de adquisición Total de préstamos Signatura topográfica completa Código de barras Visto por última vez Precio de reemplazo Tipo de ítem Koha
        Colección digital Biblioteca del Ateneo de Madrid Biblioteca del Ateneo de Madrid Sala Pardo Bazán 17/01/2008   B-11450 1170506 23/02/2023 23/02/2023 Libro impreso antiguo